Pequeno polegar (Record no. 75869)

MARC details
000 -LÍDER
campo de controle de tamanho fixo 00289 a2200133 4500
001 - NÚMERO DE CONTROLE
campo de controle 75869
040 ## - FONTE DA CATALOGAÇÃO
Instituição que transcreveu o registro Anchieta - Colégio São Paulo
100 ## - ENTRADA PRINCIPAL--NOME PESSOAL
Nome pessoal Edelbra
240 10 - TÍTULO UNIFORME
Título uniforme Pequeno polegar
Idioma da obra por
245 10 - TÍTULO
Título Pequeno polegar
300 ## - DESCRIÇÃO FÍSICA
Extensão [16]
650 #4 - ASSUNTO--TERMO TÓPICO
Cabeçalho tópico ou nome geográfico Literatura infantil
942 ## - ELEMENTOS DE ENTRADA ADICIONADOS (KOHA)
Tipo de material Koha Livros

No items available.